| 000 | 01487nam2a22002771 4500 | ||
|---|---|---|---|
| 001 | rc\67125 | ||
| 005 | 20260406091439.0 | ||
| 035 | _a(NLR Aleph) 008771293 | ||
| 090 |
_a7925710 _c7925710 |
||
| 100 | _a20021216d1991 |||y0rusy50 ca | ||
| 101 | 0 | _arus | |
| 102 | _aRU | ||
| 105 | _ay ||||||||| | ||
| 200 | 0 |
_a... за 1988-1990 гг. (1 кв.) _f[Сост. А.П. Керзум _gРед. А.Т. Быстров] |
|
| 210 | _d1991 | ||
| 215 | _a142 с. | ||
| 461 | 0 |
_1001rc\67124 _12001#$aНациональные отношения в СССР на современном этапе$eЛит. на рус. яз. ...$fГос. публ. б-ка им. М.Е. Салтыкова-Щедрина. Информ.-библиогр. отд.$v... за 1988-1990 гг. (1 кв.) _97172221 _cЛ. _d1991 _fГос. публ. б-ка им. М.Е. Салтыкова-Щедрина. Информ.-библиогр. отд. _nГПБ _oЛит. на рус. яз. ... _tНациональные отношения в СССР на современном этапе _v... за 1988-1990 гг. (1 кв.) |
|
| 606 | 1 |
_aНациональные отношения _yСССР _jБиблиография _2nlr_sh1 |
|
| 702 | 1 |
_4220 _7ca _8rus _aКерзум _bА. П. _f1951- _gАндрей Паульевич _3RU\NLR\AUTH\770282014 _92669486 |
|
| 801 | 0 |
_aRU _bNLR _gpsbo |
|
| 801 | 1 |
_aRU _bELAR _2rusmarc |
|
| 801 | 2 |
_aRU _bNLR _c20050517 _2rusmarc |
|
| 852 |
_aNLR _bС _jК-1/5759 |
||
| 942 | _cBOOK | ||
| 980 | _aNB | ||